000 00492cam a2200193ua 4500
001 9159
008 150223n ii |||gr||||Z||||||eng
020 _a9788125001768
040 _cMAIN
041 _aeng
082 _a425
100 _aMaison, M. M.,
_eAuthor.
245 1 _aExamine your english :
_bSenior course in english grammar /
_cBy Margaret M. Maison .
250 _a1st.
260 _aHyderabad:
_bOrient,
_c2008.
300 _a248p.
653 _aEnglish grammar
942 _cBK
999 _c8229
_d8229